Poets by their Works - Statistics

General Stats
  • This quiz has been taken 93 times
    79 since last reset
  • The average score is 14 of 32
Answer Stats
Works Answer % Correct
The Road Not Taken, Fire and Ice, Nothing Gold Can Stay Robert Frost
82%
Ode To A Nightingale, Ode On A Grecian Urn John Keats
80%
Don Juan, She Walk In Beauty Lord Byron/George Gordon Byron
75%
Still I Rise, Caged Bird, Phenomenal Woman Maya Angelou
75%
O Captain! My Captain!, Song Of Myself Walt Whitman
75%
The Tyger William Blake
75%
Ozymandias, The Masque of Anarchy Percy Bysshe Shelley
73%
The Wasteland, Four Quartets, Murder in the Cathedral T.S. Eliot
73%
I Wandered Lonely As A Cloud, The World Is Too Much With Us William Wordsworth
65%
Harlem, I Too, Dreams Langston Hughes
62%
Daddy, Lady Lazarus, The Moon And The Yew Tree Sylvia Plath
60%
An Irish Airman Foresees His Death, Death, The Second Coming W.B. Yeats
58%
The Lady of Shalott, Ulysses Alfred Tennyson
56%
Sonnets From The Portuguese, The Cry Of The Children Elizabeth Barrett Browning
47%
The Pied Piper of Hamelin Robert Browning
45%
A Supermarket In California, Kaddish, Howl Allen Ginsberg
44%
The Song of Hiawatha, Evangeline Henry Wadsworth Longfellow
42%
Anthem For Doomed Youth, Dulce Et Decorum Est Wilfred Owen
42%
I Carry Your Heart With Me, Since Feeling Is First, Tulips and Chimneys E.E. Cummings
35%
Messiah, The Rape of the Lock Alexander Pope
33%
Memoirs, 20 Love Poems and A Song of Despair Pablo Neruda
33%
Goblin Market, Love Came Down at Christmas Christina Rossetti
22%
Ode to Aphrodite Sappho
20%
Spiritual Couplets (Mas̄navī-yi Maʿnavī) Rumi
18%
Concord Hymn, Terminus Ralph Waldo Emerson
15%
Filling Station, Fish, Sestina Elizabeth Bishop
11%
Gitanjali Rabindranath Tagore
11%
My Papa's Waltz, The Waking, Elegy For Jane Theodore Roethke
11%
Renascence, Love is Not All Edna St. Vincent Millay
5%
Diving into the Wreck Adrienne Rich
4%
A Litany for Survival, A Woman Speaks, Now That I Am Forever With Child Audre Lorde
4%
A Song on the End of the World, A Treatise on Poetry, Rescue Czesław Miłosz
4%
No matching quizzes found
Score Distribution
Percent of People with Each Score
Percentile by Number Answered
Your Score History
You have not taken this quiz since the last reset